000
00333nam a2200133Ia 4500
008
220204s9999 xx 000 0 und d
082
_a
631.41
_b
GRE
100
_a
GREENLAND, D J
245
0
_a
Chemistry of soil constituents.
260
_a
Chichester
_b
Wiley
_c
1978
650
_a
Soil chemistry
700
_a
HAYES, M H
942
_c
BK
999
_c
31972
_d
31972